Für dich geh ich rein - Kontra K (lyrics) - Statistiken

Allgemein
  • Dieses Quiz wurde 23 mal gespielt
  • Das Durchschnittsergebnis liegt bei 221 aus 376
Antwortstatistiken
Antwort % Korrekt
für
100%
dich
93%
ich
93%
geh
87%
rein,
87%
rein
87%
du
80%
es
80%
was
80%
da
73%
das,
73%
das
73%
im
73%
in
73%
mir
73%
zu
73%
der
67%
die
67%
nicht
67%
und
67%
wie
67%
ab,
60%
all
60%
an
60%
deine
60%
den
60%
gibst
60%
gibt
60%
mich
60%
Alles
53%
alles
53%
auf
53%
auf?
53%
dir
53%
geht
53%
ist
53%
ist,
53%
Krieg
53%
mein
53%
meine
53%
mit
53%
nach
53%
niemand
53%
schon
53%
sehe
53%
sie
53%
so
53%
viel
53%
weil
53%
wenn
53%
wer
53%
bin
47%
deinen
47%
deiner
47%
dem
47%
eine
47%
flieg
47%
hoch
47%
kannst
47%
Nacht
47%
raus
47%
Tränen,
47%
Tränen
47%
alleine
40%
Augen
40%
aus
40%
dass
40%
fehlst
40%
fließen
40%
haben
40%
immer
40%
Jeep
40%
lange,
40%
Leben
40%
nachts
40%
Namen
40%
nur
40%
Runden
40%
siehst
40%
uns
40%
weg
40%
wieder
40%
Blut
33%
doch
33%
drehe
33%
egal,
33%
einen
33%
einmal
33%
gesehen
33%
Herzen
33%
Himmel
33%
holst
33%
jede
33%
Kopf
33%
Krise
33%
Lügen
33%
(Lügen)
33%
meinem
33%
meinen
33%
meiner
33%
Narbe
33%
nehmen
33%
Ozean
33%
Pfeile
33%
sind
33%
Tiefe,
33%
Tod
33%
trag
33%
verblasst,
33%
verliere
33%
Vollmond
33%
von
33%
andere
27%
bei
27%
denn
27%
einem
27%
gegen
27%
Händen
27%
Hass
27%
Hölle,
27%
lachst
27%
ohne
27%
okay,
27%
Paradies
27%
Regen
27%
Rücken
27%
schieße
27%
Venen
27%
voller
27%
wann
27%
Wasser
27%
weißt,
27%
Elend
20%
Frieden
20%
Gegend
20%
grau
20%
hören
20%
nimmst
20%
Ratten
20%
schenkst
20%
singen,
20%
Sirenen
20%
über
20%
verdammt
20%
zwischen
20%
Baby,
13%
Dschungel
13%
färbe
13%
hältst
13%
Ort,
13%
rot
13%
Seele
13%
Straßen
13%
sucht
13%
findet
7%
Keine übereinstimmenden Quizze gefunden
Verteilung der Resultate
Anzahl Personen mit jedem Resultat
Perzentil nach korrekt beantworteten Fragen
Ihre Resultats-Entwicklung
Sie haben dieses Quiz noch nicht gespielt